000 00856cam a2200313 i 4500
001 0000817
003 DO-SdBNP
005 20180213145723.0
007 0000817
008 100514s 2011 ag a | |||| 000 f spa
015 _a
017 _a
_b
020 _a9789870401414
035 _a
040 _aBPMSU
_bspa
_cBPMSU
_e
080 _a
100 1 _aMontes, Graciela
_d1947-
245 1 4 _aLas velas malditas /
_h
_cGraciela Montes ; ilustraciones Elena Torres
250 _a3a. ed.
260 _aBuenos Aires, Argentina :
_bAlfaguara,
_c2005.
_g(6ta. reimpresión 2011)
300 _a47 p.:
_bil.
_c19 m
490 1 _aAlfaguara infantil
521 _aA partir de 6 años.
700 1 2 _aTorres, Elena
_eil.
830 0 _aAlfaguara infantil
942 _2ddc
_cBK
945 _aInventariado, 2018/ YL
956 _aYLOCKWARD
_cBPMSU
_b10
999 _c11934
_d11934